| 000 | 00430nam a22001337a 4500 | ||
|---|---|---|---|
| 020 | _a9789699257131 | ||
| 082 |
_a891.4393 _bJAM |
||
| 100 | _aJamil Asghar Jami | ||
| 245 |
_aThe Soaring Self : Iqbal's message to our age (selected translations, commentary and annotations) _cJamil Asghar Jami |
||
| 260 |
_aIslamabad _bNational University of Modern Languages _c2022 |
||
| 300 | _a149p | ||
| 563 | _aH.B | ||
| 942 |
_2ddc _cBK |
||
| 999 |
_c594839 _d594839 |
||